| 000 | 00628cab a2200193 4500 | ||
|---|---|---|---|
| 001 | ABS39535 | ||
| 008 | 090401t1988 xxu||||| |||| 00| 0 eng d | ||
| 035 | _a(Sirsi) u17354 | ||
| 041 | _aeng | ||
| 100 | _aRoss, S. | ||
| 245 | _aSPZs in practice | ||
| 260 | _c1988 | ||
| 350 | _a0 | ||
| 490 |
_aEstates Gazette _v(8826) 2 July 1988, 20-102(3) |
||
| 520 | _aExplains what a simplified planning zone (SPZ) is and illustrates with case studies of Derby , Corby and Birmingham , three local authorities which are currently preparing SPZ schemes. | ||
| 690 | _aPLANNING LAW AND PRACTICE | ||
| 942 | _n0 | ||
| 948 | _c04/03/1997 | ||
| 999 |
_c11508 _d11508 |
||